[Event "Challenge"]
[Site "http://www.queenalice.com/game.php?id=565773"]
[Date "2009.4.2"]
[Round "-"]
[White "Jhonys"]
[Black "Teenho"]
[Result "1-0"]
[WhiteElo "1306"]
[BlackElo "1322"]

1. e4 e5 2. Nf3 Nf6 3. Nxe5 Qe7 4. d4 d6 5. Nc4 Nxe4 6. Be3 d5 7. Be2 Qb4+ 8.
Nbd2 Be7 9. a3 Qb6 10. Nxb6 cxb6 11. O-O Bh4 12. g3 Bh3 13. gxh4 Bxf1 14. Kxf1
Nxd2+ 15. Qxd2 O-O 16. Qb4 Nd7 17. Bb5 Rad8 18. Bg5 a5 19. Qb3 Nf6 20. Re1 Ng4
21. Bxd8 Rxd8 22. Qg3 f5 23. Re8+ Rxe8 24. Bxe8 b5 25. Qb8 Nxh2+ 26. Kg2 Ng4 27.
Qc7 h6 28. Bg6 Nf6 29. Qf7+ Kh8 30. Qf8+ Ng8 31. Qxf5 Ne7 32. Qf7 Ng8 33. f4 Nf6
34. Qxb7 b4 35. Qa8+ Ng8 36. Qxa5 Ne7 37. Bd3 bxa3 38. Qxa3 Ng8 39. Qa6 g6 40.
Bxg6 Kg7 41. f5 Ne7 42. b4 Nxg6 43. fxg6 Kg8 44. Qa7 h5 45. g7 Kh7 46. Qf7 Kh6
47. Qe7 Kg6 48. g8=Q+ Kf5 49. Qge6+ Kf4 50. Q7f7# 1-0

[Event "Challenge"]
[Site "http://www.queenalice.com/game.php?id=566749"]
[Date "2009.4.4"]
[Round "-"]
[White "alysson_wander"]
[Black "Jhonys"]
[Result "0-1"]
[WhiteElo "1172"]
[BlackElo "1343"]

1. g3 d5 2. Nc3 b6 3. d4 Nc6 4. e3 Bf5 5. Bg2 e6 6. Nf3 Bd6 7. a4 Nf6 8. h4 O-O
9. O-O a5 10. Ng5 h6 11. Nf3 Nb4 12. Nb5 Be7 13. c3 Nc2 14. Qxc2 Bxc2 15. Ne5
Bd3 16. Nc6 Qd7 17. Ne5 Qd8 18. Nc6 Qe8 19. Nxc7 Qxc6 20. Nxa8 Qxa8 21. Rd1 Bf5
22. f4 Ng4 23. Rd3 Bxd3 24. Bh3 h5 25. b3 Qc6 26. Bb2 Nxe3 27. Re1 Nc2 28. Rd1
Be4 29. Rd2 f5 30. Re2 Rf6 31. Rd2 Rg6 32. Rg2 Bxg2 33. Kxg2 Bxh4 34. Kf2 Bxg3+
35. Ke2 Bxf4 36. Kd3 Ne1+ 37. Ke2 Rg1 38. Kf2 Rg3 39. Bf1 Nf3 40. Bg2 Nh4 0-1

[Event "Challenge"]
[Site "http://www.queenalice.com/game.php?id=566756"]
[Date "2009.4.4"]
[Round "-"]
[White "alysson_wander"]
[Black "Jhonys"]
[Result "0-1"]
[WhiteElo "1204"]
[BlackElo "1307"]

1. c4 e5 2. Nf3 e4 3. Nd4 Nf6 4. e3 Bc5 5. Nf5 O-O 6. g4 d6 7. a4 Be6 8. d4 Bb4+
9. Nd2 a5 10. d5 Bd7 11. g5 Nh5 12. Bg2 Qxg5 13. Bh3 Bxf5 14. f4 Qh4+ 15. Kf1
Qxh3+ 16. Kg1 Bg4 17. Nxe4 Bxd1 18. Ng5 Qg4+ 19. Kf1 Bf3 20. Rg1 Be2+ 21. Kf2
Qh4+ 22. Kxe2 Qxh2+ 23. Kf1 Qh4 24. Nf3 Qf6 25. Rg5 Qh6 26. b3 Nd7 27. Nd4 f6
0-1

[Event "Challenge"]
[Site "http://www.queenalice.com/game.php?id=566861"]
[Date "2009.4.4"]
[Round "-"]
[White "alysson_wander"]
[Black "Jhonys"]
[Result "0-1"]
[WhiteElo "1172"]
[BlackElo "1331"]

1. c4 e5 2. e4 Qh4 3. g3 Qxe4+ 4. Qe2 Qxh1 5. Qxe5+ Ne7 6. Nf3 Qxf3 7. Qxc7 Na6
8. Qf4 Qxf4 9. gxf4 Nf5 10. Bh3 Bc5 11. Bxf5 O-O 12. Nc3 Re8+ 13. Kd1 b6 14. Nd5
Bd6 15. d3 Bb7 16. Bxd7 Red8 17. Ba4 Nc5 18. Ne7+ Bxe7 19. Bb5 Rxd3+ 20. Bd2 a6
21. Ke2 Bh4 22. Rg1 Re8+ 23. Kd1 Bxf2 24. Bxe8 Bxg1 25. b4 Na4 26. Bxa4 Be3 27.
Ke2 Rxd2+ 28. Ke1 Bf3 29. h3 Rxa2 30. Bb3 Bd2+ 31. Kf2 Rb2 32. Kxf3 Rxb3+ 33.
Ke4 Rxb4 34. Kd4 a5 35. f5 a4 36. Kd3 Bc1 37. Kc3 Rb2 38. Kd4 a3 39. c5 bxc5+
40. Kxc5 a2 0-1

[Event "Challenge"]
[Site "http://www.queenalice.com/game.php?id=569198"]
[Date "2009.4.9"]
[Round "-"]
[White "Jhonys"]
[Black "caiofelipe"]
[Result "1-0"]
[WhiteElo "1282"]
[BlackElo "1245"]

1. e4 e5 2. Bd3 Nc6 3. Nf3 Nf6 4. O-O Bc5 5. Nc3 O-O 6. a3 a5 7. Bc4 d6 8. Ng5
Ng4 9. d3 h6 10. Nh3 Qf6 11. Be3 d5 12. Nxd5 Qg6 13. Bb5 Nd4 14. Bxd4 Bxd4 15.
Ne7+ Kh7 16. Nxg6 fxg6 17. c3 Bxf2+ 18. Nxf2 Nxf2 19. Rxf2 Rxf2 20. Kxf2 c6 21.
Bc4 b5 22. Bb3 a4 23. Ba2 h5 24. Qf3 Bg4 25. Qf7 c5 26. Qb7 Rf8+ 27. Kg1 c4 28.
dxc4 bxc4 29. Bxc4 h4 30. Rf1 Rf6 31. Rxf6 1-0

[Event "Challenge"]
[Site "http://www.queenalice.com/game.php?id=573863"]
[Date "2009.4.18"]
[Round "-"]
[White "pablonet"]
[Black "Jhonys"]
[Result "1-0"]
[WhiteElo "1260"]
[BlackElo "1318"]

1. e4 d5 2. exd5 Qxd5 3. Nc3 Qe5+ 4. Be2 e6 5. Nf3 Qf6 6. d4 Bd6 7. Bg5 Qg6 8.
Qd2 f6 9. Bf4 Ne7 10. Nh4 Qf7 11. Nb5 Bxf4 12. Qxf4 O-O 13. Nxc7 Bd7 14. Nxa8
Na6 15. Bxa6 bxa6 16. Nc7 g5 17. Qg3 Rc8 18. Nf3 Nf5 19. Qh3 Rxc7 20. g4 Nd6 21.
c3 Bb5 22. Nd2 Bc6 23. Rg1 f5 24. gxf5 Nxf5 25. Rxg5+ Kh8 26. Nc4 Qf6 27. Qg4
Nh6 28. Qg3 Bd5 29. Nd6 Qe7 30. Qe5+ Qg7 31. Rxg7 Rxg7 32. Ne8 Nf5 33. Nxg7 Nxg7
34. b3 Kg8 35. Qb8+ Kf7 36. O-O-O Bf3 37. Qf4+ Nf5 38. Qxf3 h6 39. d5 exd5 40.
Qxf5+ 1-0

[Event "AUTO-OPEN-1520"]
[Site "http://www.queenalice.com/game.php?id=574233"]
[Date "2009.4.19"]
[Round "1"]
[White "fabke007"]
[Black "Jhonys"]
[Result "1-0"]
[WhiteElo "2093"]
[BlackElo "1282"]

1. e4 d5 2. exd5 Qxd5 3. Nf3 Nf6 4. Be2 e5 5. Nc3 Qd8 6. O-O Bd6 7. d3 O-O 8.
Bg5 h6 9. Bh4 g5 10. Nxg5 hxg5 11. Bxg5 a5 12. Nd5 Be7 13. Nxe7+ Qxe7 14. f4
Qc5+ 15. Kh1 Nd5 16. fxe5 Nd7 17. d4 Qb6 18. Bc4 Nb4 19. Be7 Re8 20. Qg4+ Kh8
21. Rf3 Qh6 22. Rh3 Nb6 23. Rxh6# 1-0

[Event "AUTO-OPEN-1520"]
[Site "http://www.queenalice.com/game.php?id=574234"]
[Date "2009.4.19"]
[Round "1"]
[White "Jhonys"]
[Black "fabke007"]
[Result "0-1"]
[WhiteElo "1331"]
[BlackElo "2099"]

1. e4 c5 2. Nc3 d6 3. Nf3 g6 4. Bc4 Nc6 5. O-O Bg7 6. d3 Nf6 7. a4 O-O 8. Ra3
Bg4 9. h3 Bxf3 10. Qxf3 Ne5 11. Qe2 Nxc4 12. Rb3 Na5 13. Ra3 Nc6 14. Rb3 Nd4 15.
Qd2 Nxb3 16. Qe3 Nxc1 17. Qxc1 d5 18. e5 Ne8 19. Qe3 d4 20. Qe4 dxc3 21. bxc3 f5
22. Qxb7 Bxe5 23. g3 Rf7 24. f4 Bxc3 25. Rf3 Bd4+ 26. Kg2 Nd6 27. Qb3 Rb8 28.
Qa3 Qa5 29. c4 Rb2+ 30. Kf1 Qd2 31. Rf2 Qxf2# 0-1

[Event "AUTO-OPEN-1520"]
[Site "http://www.queenalice.com/game.php?id=574255"]
[Date "2009.4.19"]
[Round "1"]
[White "HardCorePawn"]
[Black "Jhonys"]
[Result "1-0"]
[WhiteElo "1211"]
[BlackElo "1299"]

1. Na3 e5 2. g3 Bd6 3. Nf3 Nf6 4. h4 O-O 5. Nc4 Na6 6. Nfxe5 b5 7. Nxd6 cxd6 8.
Nd3 Bb7 9. Rh2 Ng4 10. Rh3 Rc8 11. f3 Ne5 12. Nf4 Nc5 13. d4 Nxf3+ 14. exf3 Rc7
15. h5 Qa8 16. dxc5 Qe8+ 17. Kf2 Rxc5 18. b4 Rg5 19. Qxd6 Qc8 20. Bxb5 Rxb5 21.
c3 Qxc3 22. Bd2 1-0

[Event "AUTO-OPEN-1520"]
[Site "http://www.queenalice.com/game.php?id=574256"]
[Date "2009.4.19"]
[Round "1"]
[White "Jhonys"]
[Black "HardCorePawn"]
[Result "0-1"]
[WhiteElo "1320"]
[BlackElo "1190"]

1. e4 g6 2. Qf3 Bh6 3. Bc4 Nf6 4. Ne2 b6 5. O-O Ba6 6. d3 Bb7 7. Bxh6 Nh5 8.
Nbc3 Na6 9. Bg7 e6 10. Qxf7+ Kxf7 11. Bxh8 Qxh8 12. Nb5 d5 13. exd5 exd5 14. Bb3
Qe8 15. Rae1 Qxb5 16. f4 Qc5+ 17. Rf2 Nb4 18. Nc3 Re8 19. Rxe8 Kxe8 20. Na4 Qc6
21. g4 Nf6 0-1

[Event "AUTO-OPEN-1520"]
[Site "http://www.queenalice.com/game.php?id=574269"]
[Date "2009.4.19"]
[Round "1"]
[White "Jhonys"]
[Black "Gera"]
[Result "0-1"]
[WhiteElo "1331"]
[BlackElo "1889"]

1. e4 d6 2. d4 Nd7 3. Bc4 c5 4. d5 Rb8 5. Nf3 b5 6. Be2 a6 7. O-O g6 8. a4 Bg7
9. Bf4 Bxb2 10. Ra2 Bg7 11. axb5 axb5 12. Rb2 Ba6 13. Qd3 Bxb2 14. c3 Qa5 15.
Qc2 Ba1 16. Nfd2 c4 17. Be3 Ngf6 18. h4 Rc8 19. Nf3 O-O 20. Nd4 Nc5 21. Nc6 Qa4
22. Qxa4 Nxa4 23. Nxe7+ Kg7 24. Nxc8 Bxc8 25. Bd2 Nxe4 26. Be3 Nexc3 27. Bf3 Bf5
28. Na3 Bb2 29. Nxb5 Nxb5 30. g4 Bd3 31. Rd1 Nbc3 32. Re1 Na2 33. Bd1 N4c3 34.
Bd4+ Kg8 35. f4 Nxd1 36. Bxb2 Nxb2 37. Ra1 Ra8 38. f5 c3 0-1

[Event "AUTO-OPEN-1520"]
[Site "http://www.queenalice.com/game.php?id=574270"]
[Date "2009.4.19"]
[Round "1"]
[White "Gera"]
[Black "Jhonys"]
[Result "1-0"]
[WhiteElo "1887"]
[BlackElo "1306"]

1. f4 d5 2. Nf3 Nf6 3. e3 Bf5 4. Be2 e6 5. b3 Be7 6. Bb2 Ne4 7. O-O O-O 8. Nc3
Nxc3 9. Bxc3 Nc6 10. d3 a5 11. Bb2 Qd6 12. c3 Ra6 13. Qc2 Bf6 14. a4 Ra7 15.
Rad1 h6 16. Qc1 g6 17. Rd2 b6 18. Rc2 Nb8 19. Ba3 c5 20. h3 h5 21. Bb2 c4 22.
bxc4 dxc4 23. Ba3 Qd8 24. Bxf8 Qxf8 25. e4 Bxh3 26. gxh3 Qc5+ 27. d4 Qf8 28.
Bxc4 Qc8 29. Bb5 Rd7 30. Bxd7 Nxd7 31. e5 Be7 32. Nd2 Qc6 33. Ra2 Bh4 34. Qc2 f6
35. Qxg6+ Kf8 36. Ne4 f5 37. Nd6 Be7 38. Qf7# 1-0

[Event "AUTO-INT-1277"]
[Site "http://www.queenalice.com/game.php?id=574292"]
[Date "2009.4.19"]
[Round "1"]
[White "majersesc"]
[Black "Jhonys"]
[Result "1-0"]
[WhiteElo "2003"]
[BlackElo "1336"]

1. c4 d6 2. d4 e5 3. dxe5 Bf5 4. exd6 Qxd6 5. Qxd6 cxd6 6. a3 Be7 7. Nc3 Nf6 8.
f3 O-O 9. e4 Be6 10. Nd5 Nxd5 11. cxd5 Bd7 12. Be3 Ba4 13. Ne2 Na6 14. Nc3 Bb3
15. Nb5 Bf6 16. Bd4 Bg5 17. Nxd6 Rad8 18. Nxb7 Rc8 19. Bxa6 Rc2 20. O-O Rd2 21.
Bc3 Be3+ 22. Kh1 Rc2 23. Na5 Rxc3 24. bxc3 Ba4 25. c4 Bd4 26. Rab1 Bc2 27. Rb7
Bd3 28. Rd1 Bf2 29. Rxd3 h5 30. d6 Rd8 31. e5 Bh4 32. g3 Bg5 33. f4 Bh6 34. Nc6
Rc8 35. Ne7+ 1-0

[Event "AUTO-INT-1277"]
[Site "http://www.queenalice.com/game.php?id=574293"]
[Date "2009.4.19"]
[Round "1"]
[White "Jhonys"]
[Black "majersesc"]
[Result "0-1"]
[WhiteElo "1307"]
[BlackElo "2003"]

1. e4 c5 2. Qh5 e6 3. Nf3 Nf6 4. Qe5 Nc6 5. Qc3 Nxe4 6. Qe3 d5 7. Be2 c4 8. O-O
Nf6 9. a3 Be7 10. b4 Ng4 11. Qf4 e5 12. Qg3 e4 13. Ne1 Bd6 14. Qh3 Nxh2 15. b5
Bxh3 16. d4 Nxd4 17. Nc3 Nxe2+ 18. Kh1 Nxc3 0-1

[Event "AUTO-INT-1277"]
[Site "http://www.queenalice.com/game.php?id=574308"]
[Date "2009.4.19"]
[Round "1"]
[White "robinud"]
[Black "Jhonys"]
[Result "1-0"]
[WhiteElo "1614"]
[BlackElo "1320"]

1. e4 d5 2. exd5 Qxd5 3. Nc3 Qe5+ 4. Be2 Nf6 5. Nf3 Qe6 6. O-O Nc6 7. Re1 g6 8.
Ng5 Qf5 9. d4 Bh6 10. Bg4 Qxg4 11. f3 Qf5 12. Nxf7 Kxf7 13. Bxh6 Qh5 14. Bf4 Rd8
15. Qe2 Rxd4 16. Ne4 Nxe4 17. fxe4 Qxe2 18. Rxe2 Bg4 19. Rf2 Rad8 20. Bxc7+ Ke8
21. Bxd8 Nxd8 22. Raf1 Rxe4 23. h3 Be6 24. Rf8+ Kd7 25. Rd1+ Kc7 26. Rdxd8 Re1+
27. Kh2 Re3 28. Rde8 Bd7 29. Ra8 Bxh3 30. gxh3 Re2+ 31. Kg3 e5 32. Rxa7 e4 33.
Rf7+ Kb6 34. Raxb7+ Ka6 35. Rbc7 e3 36. Rxh7 Rd2 37. Kf3 e2 38. Kf2 Kb5 39. Rhe7
g5 40. Rxe2 1-0

[Event "AUTO-INT-1277"]
[Site "http://www.queenalice.com/game.php?id=574309"]
[Date "2009.4.19"]
[Round "1"]
[White "Jhonys"]
[Black "robinud"]
[Result "0-1"]
[WhiteElo "1326"]
[BlackElo "1583"]

1. e4 e5 2. Qh5 Nc6 3. Bb5 Nf6 4. Qf3 Nd4 5. Qd3 a6 6. Bc4 b5 7. Bd5 c6 8. Bb3
c5 9. Qg3 d6 10. Bd5 Nxd5 11. Na3 Nb4 12. Rb1 Ndxc2+ 13. Kf1 Nd4 14. d3 h6 15.
Be3 Nxa2 16. Ne2 Nxe2 17. Qf3 b4 18. Nc2 b3 19. Na3 Nd4 20. Qg3 Nc2 21. h4 Nxa3
22. Re1 Nc2 23. Re2 Nxe3+ 24. Qxe3 Be7 25. Rh3 Bxh3 26. Qxh3 Qa5 27. Re1 Nb4 28.
Qe3 Nc2 0-1

[Event "AUTO-INT-1277"]
[Site "http://www.queenalice.com/game.php?id=574320"]
[Date "2009.4.19"]
[Round "1"]
[White "Jhonys"]
[Black "rocha"]
[Result "0-1"]
[WhiteElo "1336"]
[BlackElo "1511"]

1. e4 e5 2. Qh5 Nc6 3. Nc3 Nf6 4. Qf3 Nd4 5. Qd3 c6 6. a3 d5 7. exd5 cxd5 8. Nh3
Bf5 9. Qe3 Nxc2+ 10. Kd1 Nxe3+ 11. Ke1 Nc2+ 12. Kd1 Nxa1 13. Bb5+ Bd7 14. Ba4
Bxa4+ 15. Nxa4 Nb3 0-1

[Event "AUTO-INT-1277"]
[Site "http://www.queenalice.com/game.php?id=574321"]
[Date "2009.4.19"]
[Round "1"]
[White "rocha"]
[Black "Jhonys"]
[Result "1-0"]
[WhiteElo "1549"]
[BlackElo "1354"]

1. d4 d5 2. Nc3 Bf5 3. f3 Nf6 4. g4 Be6 5. e3 g6 6. g5 Nh5 7. e4 dxe4 8. Nxe4
Bg7 9. Ne2 O-O 10. f4 f5 11. Nc5 Bd5 12. Rg1 b6 13. Na4 Bf3 14. Bg2 Bxe2 15.
Kxe2 Bxd4 16. Be3 Bxe3 17. Kxe3 Nd7 18. Bxa8 Qxa8 19. Nc3 Nc5 20. Qd5+ e6 21.
Qxa8 Rxa8 22. Kd4 Rd8+ 23. Ke3 a5 24. Rad1 Nd7 25. Rd3 c5 26. Rd6 Ng7 27. Rgd1
Ne8 28. Rxd7 1-0

[Event "AUTO-INT-1300"]
[Site "http://www.queenalice.com/game.php?id=585189"]
[Date "2009.5.8"]
[Round "1"]
[White "DC"]
[Black "Jhonys"]
[Result "1-0"]
[WhiteElo "1283"]
[BlackElo "1316"]

1. e4 e5 2. f4 exf4 3. h4 Nf6 4. d3 Bb4+ 5. Nc3 O-O 6. Bxf4 g6 7. h5 Nxh5 8.
Rxh5 gxh5 9. Qxh5 Be7 10. Bh6 Bh4+ 11. Kd2 Bf2 12. Qg4+ Kh8 13. Qg7# 1-0

[Event "AUTO-INT-1300"]
[Site "http://www.queenalice.com/game.php?id=585190"]
[Date "2009.5.8"]
[Round "1"]
[White "Jhonys"]
[Black "DC"]
[Result "0-1"]
[WhiteElo "1331"]
[BlackElo "1319"]

1. e4 e5 2. Qh5 Nc6 3. Bb5 Nd4 4. Qxe5+ Ne6 5. Nf3 b6 6. Qd5 c6 7. Bxc6 dxc6 8.
Qxc6+ Bd7 9. Qc4 Rc8 10. Qa6 Rxc2 11. O-O Rc7 12. Nc3 Nc5 13. d4 Nxa6 14. Bf4
Nf6 15. Ng5 Bc6 16. a4 Qxd4 17. Rad1 Qb4 18. Na2 Qxa4 19. e5 Qxf4 20. Nf3 Qg4
21. exf6 Bxf3 22. Rd3 Qxg2# 0-1

[Event "AUTO-INT-1300"]
[Site "http://www.queenalice.com/game.php?id=585201"]
[Date "2009.5.8"]
[Round "1"]
[White "robertot"]
[Black "Jhonys"]
[Result "1-0"]
[WhiteElo "1579"]
[BlackElo "1279"]

1. e4 e5 2. Nf3 Bd6 3. Bc4 Nf6 4. O-O O-O 5. Re1 Nc6 6. b4 Nxb4 7. c3 Nc6 8. d4
exd4 9. cxd4 Nxe4 10. Rxe4 Qf6 11. Be3 b6 12. Nc3 a6 13. Rc1 Na5 14. Bb3 Ba3 15.
Rb1 1-0

[Event "AUTO-INT-1300"]
[Site "http://www.queenalice.com/game.php?id=585202"]
[Date "2009.5.8"]
[Round "1"]
[White "Jhonys"]
[Black "robertot"]
[Result "0-1"]
[WhiteElo "1275"]
[BlackElo "1583"]

1. e4 c6 2. Qh5 Nf6 3. Qf5 d5 4. Qe5 dxe4 5. Nc3 Nbd7 6. Qd4 Qc7 7. Nxe4 e6 8.
Bc4 Nxe4 9. Qxe4 Nf6 10. Qd3 Bd6 11. Nf3 O-O 12. O-O b5 13. Bb3 a5 14. Qc3 a4
15. Bxa4 bxa4 0-1

[Event "AUTO-INT-1300"]
[Site "http://www.queenalice.com/game.php?id=585209"]
[Date "2009.5.8"]
[Round "1"]
[White "Jhonys"]
[Black "gremioimortal"]
[Result "0-1"]
[WhiteElo "1331"]
[BlackElo "1458"]

1. e4 e5 2. Qh5 Nc6 3. Bc4 g6 4. Qf3 Nh6 5. Nh3 Nd4 6. Qc3 a5 7. d3 Bb4 8. Bxh6
Bxc3+ 9. Nxc3 Nxc2+ 10. Kd2 Nd4 11. Rae1 Qh4 12. Nb5 Qxh6+ 13. Re3 a4 14. Nxc7+
Ke7 15. Nxa8 Qh5 16. Rg1 f5 17. exf5 d6 18. g4 Qh4 19. b4 h5 20. Rgg3 hxg4 21.
Ng1 gxf5 22. h3 f4 23. Rxg4 Qxf2+ 24. Ne2 Qxe3+ 25. Ke1 Qxe2# 0-1

[Event "AUTO-INT-1300"]
[Site "http://www.queenalice.com/game.php?id=585210"]
[Date "2009.5.8"]
[Round "1"]
[White "gremioimortal"]
[Black "Jhonys"]
[Result "1-0"]
[WhiteElo "1461"]
[BlackElo "1271"]

1. e4 e5 2. d3 Bd6 3. h3 Nf6 4. g3 O-O 5. g4 g6 6. Bg5 b6 7. Qf3 Ba6 8. a3 Nc6
9. Bxf6 Be7 10. g5 Nd4 11. Bxe7 Qxe7 12. Qg4 Nxc2+ 13. Kd2 Nxa1 14. Nc3 Qd6 15.
Qd1 Nb3+ 16. Qxb3 Qd4 17. Nd5 Qxf2+ 18. Be2 f5 19. Nf6+ Kh8 20. h4 c5 21. Nf3
Qg2 22. Rg1 Qh3 23. Nxd7 Rfd8 24. Nfxe5 Qxh4 25. Nf7+ Kg8 26. Nh6+ Kg7 27. Qf7+
1-0